000 00301nam a2200109Ia 4500
008 171211s9999 xx 000 0 und d
245 _aGlobal Game Industries and Cultural Policy
245 _cAnthony Fung
260 _c2016
650 _xGAMES
856 _uhttp://down.ebook777.com/055/3319407597.pdf
999 _c348924
_d348924